| 000 | 00933nam a2200229 4500 | ||
|---|---|---|---|
| 001 | 131855 | ||
| 003 | ES-MaACL | ||
| 005 | 20230906194047.0 | ||
| 007 | t| | ||
| 008 | 070214s1969 sp r ||||1| spa d | ||
| 080 | _a001.8 | ||
| 100 | 1 |
_aRoger Riviere, Juan. _998939 |
|
| 245 | 1 | 0 |
_aMetodología de la documentación científica / _cJuan Roger Riviere. |
| 260 |
_aMadrid : _bConfederación Española de Cajas de Ahorros, _c1969. |
||
| 300 |
_a94 p. : _bil. ; _c22 cm. |
||
| 490 | 1 |
_aPublicaciones del Fondo para la Investigación Económica y Social de la Confederación Española de Cajas de Ahorros ; _v7 |
|
| 650 | 4 |
_aEscritos científicos. _912399 |
|
| 710 | 2 |
_aConfederación Española de Cajas de Ahorros. _93148 |
|
| 830 | 1 |
_aPublicaciones del Fondo para la Investigación Económica y Social de la Confederación Española de Cajas de Ahorros ; _v7 _9186891 |
|
| 852 | 4 |
_aES-MaACL _jC-36450 |
|
| 999 |
_c131855 _d131855 |
||